[Event "GER-ch U10"]
[Site "Willingen"]
[Date "2018.05.21"]
[Round "3"]
[White "Itin, Timofey"]
[Black "Sinka, Silas"]
[Result "1-0"]
[WhiteElo "1298"]
[BlackElo "1186"]
[PlyCount "173"]
[EventDate "2018.05.19"]
[EventType "swiss"]
[EventRounds "11"]
[EventCountry "GER"]
[SourceTitle "CBM 184 Extra"]
[Source "ChessBase"]
[SourceDate "2018.06.28"]
[SourceVersion "1"]
[SourceVersionDate "2018.06.28"]
[SourceQuality "1"]

1. e4 e6 2. d4 d5 3. Nc3 c5 4. Be3 Nc6 5. Nf3 g6 6. Bb5 Bd7 7. Qd2 c4 8. 0-0-0 Nge7 9. Rhe1 a6 10. Bxc6 Bxc6 11. Ne5 Qc7 12. Nxc6 Qxc6 13. exd5 exd5 14. Bg5 f6 15. Bf4 g5 16. Bg3 h5 17. h4 gxh4 18. Bxh4 Bh6 19. f4 Qd6 20. Bg3 Rg8 21. Bh2 Rg4 22. Rf1 0-0-0 23. Kb1 Re8 24. Qf2 Nf5 25. Rfe1 Rxe1 26. Rxe1 Bxf4 27. a3 Nh4 28. Bxf4 Rxf4 29. Qe2 Rxd4 30. g3 Rg4 31. gxh4 Rxh4 32. Qe8+ Qd8 33. Nxd5 Qxe8 34. Rxe8+ Kd7 35. Nxf6+ Kd6 36. Rh8 Rf4 37. Rh6 Ke5 38. Ne8 Rh4 39. Ng7 Rg4 40. Rxh5+ Kf6 41. Ne8+ Ke7 42. Re5+ Kf7 43. a4 Rf4 44. b3 cxb3 45. cxb3 Rg4 46. Nd6+ Kf6 47. Ra5 Rb4 48. Kb2 Rb6 49. Ne4+ Ke6 50. Ka3 Kd7 51. Nc5+ Kd6 52. Nd3 Kd7 53. Kb2 Kd6 54. Ne5 Ke6 55. Kc3 Rd6 56. Nc4 Rc6 57. Re5+ Kf6 58. Kd4 Rc7 59. Rc5 Rd7+ 60. Rd5 Rc7 61. b4 Ke6 62. b5 axb5 63. axb5 Kf6 64. Na5 b6 65. Rd6+ Ke7 66. Rxb6 Rc1 67. Kd5 Rd1+ 68. Kc6 Rc1+ 69. Kb7 Rd1 70. Rc6 Kd8 71. Ka7 Rd7+ 72. Ka6 Ke8 73. b6 Kd8 74. b7 Rxb7 75. Kxb7 Kd7 76. Nc4 Kd8 77. Rc7 Ke8 78. Kc6 Kd8 79. Rh7 Ke8 80. Kd6 Kf8 81. Ke6 Kg8 82. Ra7 Kf8 83. Re7 Kg8 84. Rf7 Kh8 85. Kf6 Kg8 86. Kg6 Kh8 87. Rf8# 1-0